Stavby obce Smižany bytový dom na ulici P. Suržina 6. časť

Bibliographic Details
Main Author: Baginová, Edita (Author)
Format: Article
Language:Slovak
PhysicalDescription:Fotogr.
Subjects:

MARC

LEADER 00000nab a2200000 ar4500
001 vtls010283190
003 SK-MaSNL
005 20260305031206.0
008 110602c20100807xo mr|p|||||||000 b|slo
038 |a SNSK 
040 |b slo  |c SNSK  |e AACR2 
041 |a slo 
044 |a xo  |c SK 
080 |a 69.01  |x (437.678)  |x (091)  |2 2001 
080 |a 351.778.5  |x (437.678)  |x (091)  |2 2001 
100 1 |a Baginová, Edita  |4 aut  |9 1608633 
245 1 0 |a Stavby obce Smižany  |b bytový dom na ulici P. Suržina  |n 6. časť  |c Edita Baginová 
300 |b Fotogr. 
650 0 7 |a stavby  |2 snsk  |9 2983 
650 0 7 |a rozvoj bývania  |2 snsk  |9 1283075 
650 0 7 |a bytové domy  |2 snsk  |9 31781 
651 7 |a Smižany (Slovensko)  |2 snsk  |9 29314 
651 7 |a Spišská Nová Ves (Slovensko : okres)  |2 snsk  |9 22259 
773 0 |t Smižiansky hlásnik  |g Roč. XIX., č. 8 (7. august 2010), s. 4. 
852 |a SNSK  |b KIS3GCP 
999 |c 3315185  |d 3317115